000 00692nam a2200229 i 4500
001 bg
100 1 _aBar, Ludwik
_d(1906-1999).
245 1 0 _aKodeks budowlany :
_bkomentarz /
_cLudwik Bar, Edward Radziszewski.
250 _aStan prawny na dzień 1 stycznia 1999 r.
260 _aWarszawa :
_bWydawnictwo Prawnicze,
_c1999.
300 _a468 s. ;
_c21 cm.
504 _aWykaz przepisów s. 433-446.
650 9 _aBudownictwo
_xprawo
_zPolska
_ystan na 1999 r.
700 1 _aRADZISZEWSKI, Edward
_d(1923- ).
020 _a8321907679
040 _cBPK
041 0 _apl
080 _a349.442(438)
920 _a83-219-0767-9
942 _cKS
008 s pl f |000 0 pol
999 _c36725
_d36725
856 _uhttp://koha.tu.koszalin.pl/cgi-bin/koha/opac-detail.pl?biblionumber=36725
_yKatalog online BPK